Central Library OPAC University of Rajshahi

Clinico-Pathological study of undescended Testis in Children / (Record no. 75916)

MARC details
000 -LEADER
fixed length control field 01108ntm a2200289 a 4500
001 - CONTROL NUMBER
control field 75916
003 - CONTROL NUMBER IDENTIFIER
rucl marc code BD-RjUL
005 - DATE AND TIME OF LATEST TRANSACTION
control field 20211209082749.0
008 - FIXED-LENGTH DATA ELEMENTS--GENERAL INFORMATION
fixed length control field 190914s2014 bg a|||| bm|| 00| 0 eng d
035 ## - SYSTEM CONTROL NUMBER
System control number (BD-RjUL)76135
040 ## - CATALOGING SOURCE
Original cataloging agency BD-RjUL
Language of cataloging eng
Transcribing agency BD-RjUL
Modifying agency BD-RjUL
041 ## - LANGUAGE CODE
Language code of text/sound track or separate title eng
082 ## - DEWEY DECIMAL CLASSIFICATION NUMBER
Classification number 618.9268
Edition number 23
Author mark and year ISC 2014
100 1# - MAIN ENTRY--PERSONAL NAME
Personal name Islam, Syed Sirajul
9 (RLIN) 232924
245 10 - TITLE STATEMENT
Title Clinico-Pathological study of undescended Testis in Children /
Statement of responsibility, etc. by Syed Sirajul Islam ;
Linkage Principal Supervisor: Parvez Hassan ; Co-Supervisor: Shah Md. Badruddoza
260 ## - PUBLICATION, DISTRIBUTION, ETC. (IMPRINT)
Place of publication, distribution, etc. Rajshahi :
Name of publisher, distributor, etc. Institute of Biological Sciences, University of Rajshahi,
Date of publication, distribution, etc. 2014
300 ## - PHYSICAL DESCRIPTION
Pagination viii, 88 leaves ;
Size 29 cm.
502 ## - DISSERTATION NOTE
Dissertation note Thesis (Ph. D.) -- Institute of Biological Sciences, University of Rajshahi, 2014
504 ## - BIBLIOGRAPHY, ETC. NOTE
Bibliography, etc References: Leaves [59]-70
600 ## - SUBJECT ADDED ENTRY--PERSONAL NAME
Dates associated with a name
650 ## - SUBJECT ADDED ENTRY--TOPICAL TERM
Topical term or geographic name as entry element Human genetics
9 (RLIN) 232965
Topical term or geographic name as entry element Testis
General subdivision Diseases
9 (RLIN) 232929
Topical term or geographic name as entry element Children
General subdivision Surgery
9 (RLIN) 232966
700 ## - ADDED ENTRY--PERSONAL NAME
Personal name Hassan, Parvez, Principal Supervisor
Personal name Badruddoza, Shah Md. , Co-Supervisor
942 ## - ADDED ENTRY ELEMENTS (KOHA)
Source of classification or shelving scheme Dewey Decimal Classification
Koha item type Theses
Holdings
Lost status Source of classification or shelving scheme Damaged status Not for loan Collection code Permanent Location Current Location Shelving location Date acquired Source of acquisition Total Checkouts Full call number Date last seen Copy number Koha item type
  Dewey Decimal Classification   Not For Loan Theses Central Library, University of Rajshahi Central Library, University of Rajshahi Documentation Section 29/04/2019 Controller of Examination Office, R. U.   THE 618.9268 ISC 2014 14/09/2019 C-1 Theses